Novel [gamma]-ray and thermal-neutron scintillators : search for high-light-yield and fast-response materials /

Bibliographic Details
Main Author: Birowosuto, Muhammad Danang
Format: Thesis Book
Language:English
Published: Amsterdam : IOS Press, [2008]
Subjects:

MARC

Tag First Indicator Second Indicator Subfields
LEADER 00000cam a2200000Ia 4500
001 in00002386521
005 20151109072759.0
008 080222t20082007ne a b 000 0 eng d
020 |a 9781586038168 
020 |a 1586038168 
029 1 |a OHX  |b har085006072 
035 |a (OCoLC)ocn209759877 
035 |a (OCoLC)209759877 
040 |a BTCTA  |c BTCTA  |d BAKER  |d YDXCP  |d OHX  |d UUM  |d UtOrBLW 
049 |a TXAM 
090 |a QC476.75  |b .B57 2007 
100 1 |a Birowosuto, Muhammad Danang. 
245 1 0 |a Novel [gamma]-ray and thermal-neutron scintillators :  |b search for high-light-yield and fast-response materials /  |c Muhammad Danang Birowosuto. 
264 1 |a Amsterdam :  |b IOS Press,  |c [2008] 
264 4 |c ©2007 
300 |a x, 307 pages :  |b illustrations ;  |c 25 cm. 
336 |a text  |b txt  |2 rdacontent 
337 |a unmediated  |b n  |2 rdamedia 
338 |a volume  |b nc  |2 rdacarrier 
500 |a Vita. 
502 |b Ph.D.  |c Delft University of Technology  |d 2008. 
504 |a Includes bibliographical references. 
650 0 |a Inorganic scintillators. 
938 |a Baker and Taylor  |b BTCP  |n BK0007636376 
938 |a Baker & Taylor  |b BKTY  |c 77.00  |d 77.00  |i 1586038168  |n 0007636376  |s active 
938 |a YBP Library Services  |b YANK  |n 2789378 
938 |a Otto Harrassowitz  |b HARR  |n har085006072  |c 125.49 USD 
945 |a PromptCat  |b 442732 
946 |a stk 
947 |a A14836812220 
994 |a 92  |b TXA 
948 |a cataloged  |b h  |c 2008/6/25  |d c  |e asalazar  |f 3:16:37 pm 
999 |a MARS 
999 f f |s 87fd76c9-8773-3c1b-8559-9516478bc324  |i 95f70c24-9253-3254-95e0-56b262b9b92c  |t 0 
952 f f |p normal  |a Texas A&M University  |b College Station  |c Sterling C. Evans Library  |d Evans: Library Stacks  |t 0  |e QC476.75 .B57 2007  |h Library of Congress classification  |i unmediated -- volume  |m A14836812220 
998 f f |a QC476.75 .B57 2007  |t 0  |l Evans: Library Stacks